[Event "FB22 2324 SV Sterkrade-Nord - SV Medizin"]
[Site "Erfurt, Germany"]
[Date "2023.10.15"]
[Round "2.6"]
[White "Kanthack, Frauke"]
[Black "Ulrich, Helena Irene"]
[Result "0-1"]
[WhiteElo "1485"]
[BlackElo "1569"]
[PlyCount "78"]
[EventDate "2023.??.??"]

1. c4 Nf6 2. Nc3 g6 3. Nf3 Bg7 4. g3 O-O 5. Bg2 d6 6. O-O c6 7. d4 Bf5 8. Re1 Ne4 9. Qb3 Qb6 10. Qxb6 axb6 11. Nxe4 Bxe4 12. Rd1 Bc2 13. Rd2 Bb3 14. c5 bxc5 15. dxc5 d5 16. Nd4 Bc4 17. a3 Bxd4 18. Rxd4 Bxe2 19. Bf4 Ba6 20. Re1 Re8 21. Bh3 e6 22. Bd6 Nd7 23. f4 Nf6 24. Bg2 Rec8 25. Bf3 Ne8 26. Be7 h5 27. g4 hxg4 28. Bxg4 Kg7 29. h4 Nf6 30. Bxf6+ Kxf6 31. h5 gxh5 32. Bxh5 Rh8 33. Bf3 Rag8+ 34. Bg2 Rh4 35. Kf2 Rgg4 36. Kf3 Rg8 37. Rh1 Rxh1 38. Bxh1 Rg1 39. Bg2 Rc1 0-1

[Event "FB22 2324 SV Mülheim-Nord - SV Hemer 19"]
[Site "Erfurt, Germany"]
[Date "2023.10.15"]
[Round "2.2"]
[White "Limbourg, Marina"]
[Black "Voicu-Jagodzinsky, Carmen"]
[Result "0-1"]
[WhiteElo "2023"]
[BlackElo "2252"]
[PlyCount "72"]
[EventDate "2023.??.??"]

1. e4 c5 2. Nf3 Nc6 3. d4 cxd4 4. Nxd4 e5 5. Nb5 d6 6. N1c3 a6 7. Na3 Be7 8. Nd5 Nf6 9. Be3 O-O 10. Bb6 Qd7 11. Nxf6+ Bxf6 12. Qd2 Nd4 13. c3 Qc6 14. cxd4 Qxb6 15. d5 Qd8 16. Bd3 Bg5 17. Qb4 b5 18. O-O g6 19. Nc2 Rb8 20. Ne3 f5 21. exf5 gxf5 22. Nxf5 Bxf5 23. Bxf5 Rxf5 24. Qg4 Rf4 25. Qe6+ Kh8 26. Rae1 Qf6 27. g3 Qxe6 28. dxe6 Rf3 29. Re4 Rbf8 30. a4 Kg7 31. axb5 axb5 32. Rg4 Kf6 33. Rd1 Kf5 34. h3 h5 35. Rb4 Kxe6 36. Rxb5 Rxf2 0-1

[Event "FB22 2324 SV Mülheim-Nord - SV Hemer 19"]
[Site "Erfurt, Germany"]
[Date "2023.10.15"]
[Round "2.4"]
[White "Kinzel, Tiffany"]
[Black "Kucharska, Honorata"]
[Result "1/2-1/2"]
[WhiteElo "1784"]
[BlackElo "2197"]
[PlyCount "111"]
[EventDate "2023.??.??"]

1. d4 d5 2. e3 Nf6 3. Bd3 c5 4. c3 cxd4 5. exd4 Nc6 6. f4 g6 7. Nf3 Bg7 8. O-O Bg4 9. Qe1 O-O 10. Nbd2 Bf5 11. Bxf5 gxf5 12. Ne5 e6 13. Rf3 Ne7 14. Rh3 Ng6 15. Ndf3 Ne4 16. Nxg6 fxg6 17. Ng5 Nxg5 18. fxg5 Qd7 19. Bf4 Rae8 20. Qh4 Bh8 21. Re1 Rf7 22. Rhe3 Bg7 23. Qg3 b5 24. h4 a5 25. h5 b4 26. Qh4 Rfe7 27. Rh3 Kf7 28. Qg3 Rc8 29. Be5 Kg8 30. Bf6 Rf7 31. Qh4 gxh5 32. Rg3 Kh8 33. Rge3 Re8 34. Be5 Bxe5 35. Rxe5 Rg7 36. Qxh5 Rg6 37. Qe2 Rxg5 38. Rxe6 Rxe6 39. Qxe6 Qxe6 40. Rxe6 bxc3 41. bxc3 Rg3 42. Ra6 Rxc3 43. Rxa5 Kg7 44. Rxd5 Ra3 45. Rxf5 Rxa2 46. Rf2 Ra4 47. Rd2 Kf6 48. Kf2 Ke6 49. g4 Kd5 50. Ke3 Ra3+ 51. Kf4 Rh3 52. g5 Rh1 53. Kg4 Rg1+ 54. Kf4 Rf1+ 55. Ke3 Re1+ 56. Kf2 1/2-1/2

[Event "FB22 2324 SV Mülheim-Nord - SV Hemer 19"]
[Site "Erfurt, Germany"]
[Date "2023.10.15"]
[Round "2.6"]
[White "Cipkis, Swetlana"]
[Black "Dartmann Aubanell, Catriona"]
[Result "1/2-1/2"]
[WhiteElo "1683"]
[BlackElo "1861"]
[PlyCount "123"]
[EventDate "2023.??.??"]

1. e4 e6 2. d4 d5 3. exd5 exd5 4. Nf3 Nc6 5. Be2 Bd6 6. O-O Nge7 7. c3 Bf5 8. Nh4 O-O 9. Nd2 Qd7 10. Nxf5 Qxf5 11. Nf3 Ng6 12. g3 Rae8 13. Qd3 Qg4 14. Be3 Qd7 15. Ne1 Nce7 16. Ng2 Qf5 17. Qd1 Qf6 18. h4 Nf5 19. Bg5 Qe6 20. Bg4 h6 21. Re1 Qd7 22. Bd2 Rxe1+ 23. Qxe1 Nge7 24. Ne3 c6 25. Qb1 g6 26. Nxf5 gxf5 27. Bh5 Kg7 28. Qc1 Qe6 29. Be3 Kh7 30. Qd2 Rg8 31. Re1 Qf6 32. Kf1 Ng6 33. Bxg6+ Qxg6 34. Bf4 Bxf4 35. Qxf4 Qg4 36. Qc7 Qh3+ 37. Ke2 Re8+ 38. Kd2 Rxe1 39. Qxf7+ Kh8 40. Qf6+ Kh7 41. Qf7+ Kh8 42. Kxe1 Qh1+ 43. Kd2 Qf3 44. Qe8+ Kh7 45. Qe3 Qg4 46. Qe7+ Kh8 47. Qxb7 Qf3 48. Qb8+ Kh7 49. Qf4 Qxf4+ 50. gxf4 Kg6 51. Ke3 Kh5 52. f3 Kxh4 53. Kf2 Kh3 54. b3 Kh2 55. c4 h5 56. cxd5 cxd5 57. b4 h4 58. b5 h3 59. a4 Kh1 60. a5 h2 61. b6 a6 62. b7 1/2-1/2

[Event "FB22 2324 SV Mülheim-Nord - SV Hemer 19"]
[Site "Erfurt, Germany"]
[Date "2023.10.15"]
[Round "2.5"]
[White "Kulovana, Eva"]
[Black "Dr. Lebioda-Dette, Kordula"]
[Result "1-0"]
[WhiteElo "2180"]
[BlackElo "1696"]
[PlyCount "73"]
[EventDate "2023.??.??"]

1. e4 e5 2. Nf3 Nc6 3. Bb5 Nf6 4. d3 d6 5. Nbd2 Bd7 6. c3 a6 7. Ba4 g6 8. Nf1 Bg7 9. h3 O-O 10. Be3 Nb8 11. Bc2 c5 12. Qd2 b5 13. Bh6 Nc6 14. Bxg7 Kxg7 15. Ne3 b4 16. Nh2 a5 17. Nhg4 Ng8 18. Nd5 f5 19. Nge3 Nce7 20. Nxe7 Qxe7 21. Nd5 Qd8 22. a3 bxc3 23. bxc3 Rb8 24. O-O f4 25. f3 Nf6 26. Nxf6 Qxf6 27. Rfb1 Qe7 28. c4 a4 29. Qd1 Rxb1 30. Rxb1 Qe8 31. Rb7 Rf7 32. Qb1 Qd8 33. Qb6 Qg5 34. Kf1 Bxh3 35. Rxf7+ Kxf7 36. gxh3 Qg3 37. Qc7+ 1-0

[Event "FB22 2324 Hamburger SK II - Delmenhorste"]
[Site "?"]
[Date "2023.10.15"]
[Round "2.1"]
[White "Kickert, Germaine Helene"]
[Black "Rogozenco, Ileana"]
[Result "0-1"]
[WhiteElo "1956"]
[BlackElo "2050"]
[PlyCount "86"]
[EventDate "2023.??.??"]

1. e4 c5 2. Nf3 e6 3. d4 cxd4 4. Nxd4 a6 5. Bd3 g6 6. O-O Bg7 7. Nb3 Ne7 8. c4 O-O 9. Nc3 Nbc6 10. f4 d6 11. g4 f5 12. exf5 exf5 13. g5 Be6 14. Qe2 Bf7 15. Rd1 Re8 16. Be3 Nb4 17. Bb1 Qc7 18. Nd2 d5 19. Qf2 dxc4 20. Bd4 Bxd4 21. Qxd4 Rad8 22. Qf2 Ned5 23. Ne2 Nd3 24. Bxd3 cxd3 25. Ng3 Qxf4 26. Nf3 Ne3 27. Rd2 Nc4 28. Rdd1 Qe3 29. b3 Qxf2+ 30. Kxf2 Ne5 31. Nxe5 Rxe5 32. Rd2 f4 33. Nh1 Rxg5 34. Kf3 Rf5 35. Nf2 g5 36. Rad1 Bh5+ 37. Ke4 Rfd5 38. Rg1 Bg6+ 39. Kf3 h5 40. h4 g4+ 41. Nxg4 hxg4+ 42. Rxg4 Kf7 43. Rxf4+ Rf5 0-1

[Event "FB22 2324 Hamburger SK II - Delmenhorste"]
[Site "?"]
[Date "2023.10.15"]
[Round "2.2"]
[White "Hubert, Charlotte"]
[Black "Moeller, Hannah"]
[Result "1-0"]
[WhiteElo "1850"]
[BlackElo "1746"]
[PlyCount "61"]
[EventDate "2023.??.??"]

1. e4 g6 2. d4 Bg7 3. Nf3 d6 4. Be2 Nf6 5. Nc3 O-O 6. O-O c5 7. d5 a6 8. a4 b6 9. Nd2 Bb7 10. Nc4 b5 11. axb5 axb5 12. Rxa8 Bxa8 13. Nxb5 Nxe4 14. Bf3 Nf6 15. Re1 Na6 16. Nc3 Nb4 17. Bg5 Re8 18. Qd2 Bb7 19. h4 Qa8 20. h5 Nbxd5 21. Bxd5 Nxd5 22. Nxd5 Bxd5 23. Nb6 Qb7 24. Nxd5 Be5 25. c3 Kf8 26. f4 Bg7 27. Bxe7+ Kg8 28. Nf6+ Bxf6 29. Bxf6 Re4 30. Rxe4 Qxe4 31. Qxd6 1-0

[Event "FB22 2324 Hamburger SK II - Delmenhorste"]
[Site "?"]
[Date "2023.10.15"]
[Round "2.3"]
[White "Wollscheid, Stefanie"]
[Black "Wartenberg, Alissa"]
[Result "0-1"]
[WhiteElo "1664"]
[BlackElo "1731"]
[PlyCount "96"]
[EventDate "2023.??.??"]

1. e4 c5 2. Nf3 e6 3. d4 cxd4 4. Nxd4 Nf6 5. Nc3 Nc6 6. Bg5 Be7 7. Nxc6 bxc6 8. e5 Nd5 9. Bxe7 Nxe7 10. Bd3 Qa5 11. O-O Qxe5 12. Re1 Qc7 13. Qg4 Ng6 14. h4 Qf4 15. Re4 Qxg4 16. Rxg4 O-O 17. Bxg6 hxg6 18. Rd1 d5 19. Ne2 Rb8 20. b3 e5 21. Rg5 Bf5 22. Rd2 Rb4 23. Rg3 Rxh4 24. Rc3 Rc8 25. Rc5 Rb4 26. Ra5 Rc7 27. Ng3 Be6 28. Re2 f6 29. Re3 d4 30. Re1 Rb5 31. Ra4 Rc5 32. Re2 f5 33. Rb4 Kf7 34. Nf1 Kf6 35. Nd2 Bd5 36. Nf3 Bxf3 37. gxf3 Ra5 38. a4 Rd5 39. Rd2 Kg5 40. Kf1 Kf4 41. Ke2 Rcd7 42. Rd1 e4 43. fxe4 fxe4 44. Rh1 g5 45. Rf1 d3+ 46. Kd2 dxc2+ 47. Kxc2 Rd2+ 48. Kc1 Ra2 0-1

[Event "FB22 2324 Hamburger SK II - Delmenhorste"]
[Site "?"]
[Date "2023.10.15"]
[Round "2.4"]
[White "Kotyk, Valeriya"]
[Black "Silber, Stefanie"]
[Result "1-0"]
[WhiteElo "1723"]
[BlackElo "1570"]
[PlyCount "139"]
[EventDate "2023.??.??"]

1. d4 d6 2. c4 g6 3. Nc3 Bg7 4. e4 Nd7 5. Be3 Ngf6 6. Be2 c5 7. d5 a6 8. h3 h5 9. Qd2 Rb8 10. Nf3 Qa5 11. O-O b5 12. Qc2 bxc4 13. Nd2 Nb6 14. Rac1 Nfd7 15. Bxc4 Nxc4 16. Nxc4 Qb4 17. b3 Ne5 18. Nb1 Nxc4 19. Qxc4 O-O 20. Nd2 Bd7 21. Qc2 Rfc8 22. Nc4 Qb7 23. Qd2 Bb5 24. Rfe1 Bxc4 25. Rxc4 Qd7 26. Rec1 e6 27. Rd1 Rd8 28. Bg5 f6 29. Bf4 Bf8 30. Bh6 exd5 31. Qxd5+ Qf7 32. Bf4 Qxd5 33. Rxd5 Kf7 34. Ra4 Rb6 35. Be3 Rc6 36. Rc4 Re8 37. f3 Ke6 38. Rd2 Re7 39. g4 Rd7 40. Rd5 Rh7 41. Kg2 Rcc7 42. Bf4 Rcd7 43. Ra4 Ra7 44. Be3 Ra8 45. Bf4 f5 46. gxf5+ gxf5 47. Rxf5 Be7 48. Rd5 Rg7+ 49. Kf2 Rf7 50. Bd2 Raf8 51. f4 Bh4+ 52. Kf3 Ra7 53. Rxh5 Be7 54. Rh6+ Kf7 55. Bc3 Ke8 56. Rh8 Kd7 57. Rxf8 Bxf8 58. h4 Ke6 59. f5+ Kf7 60. Kg4 Re7 61. Kg5 Re8 62. h5 Be7+ 63. f6 Bd8 64. Rxa6 Rxe4 65. Rxd6 Ke8 66. Kf5 Rh4 67. f7+ Kxf7 68. Rxd8 Rxh5+ 69. Ke4 Ke7 70. Rd5 1-0

[Event "FB22 2324 Hamburger SK II - Delmenhorste"]
[Site "?"]
[Date "2023.10.15"]
[Round "2.5"]
[White "Oellrich, Emma"]
[Black "Garbere, Diana"]
[Result "1-0"]
[WhiteElo "1474"]
[BlackElo "1619"]
[PlyCount "43"]
[EventDate "2023.??.??"]

1. d4 Nf6 2. c4 g6 3. Nc3 Bg7 4. e4 d6 5. Nf3 O-O 6. Be2 Nc6 7. d5 Ne5 8. Nxe5 dxe5 9. O-O Qd7 10. b4 e6 11. Qc2 exd5 12. cxd5 c6 13. Rd1 cxd5 14. exd5 Qd6 15. Nb5 Qxb4 16. Ba3 Qa5 17. Bxf8 Bxf8 18. Qc3 Qb6 19. Qc7 Qa6 20. Qxe5 Qb6 21. Nc7 Bd6 22. Nxa8 1-0

[Event "FB22 2324 Hamburger SK II - Delmenhorste"]
[Site "?"]
[Date "2023.10.15"]
[Round "2.6"]
[White "Kraft, Cynthia Yumi"]
[Black "Koenig, Emmilie"]
[Result "1/2-1/2"]
[WhiteElo "1459"]
[BlackElo "1516"]
[PlyCount "61"]
[EventDate "2023.??.??"]

1. d4 Nf6 2. c4 d6 3. Nc3 a6 4. a4 g6 5. e4 Bg7 6. f3 e6 7. Nge2 Nc6 8. Be3 Bd7 9. Qd2 O-O 10. g4 e5 11. h4 exd4 12. Nxd4 Nxd4 13. Bxd4 h5 14. g5 Ne8 15. Nd5 Bxd4 16. Qxd4 Bc6 17. O-O-O Bxd5 18. exd5 Ng7 19. Bd3 Qd7 20. Rde1 Rfe8 21. b3 b6 22. Qf6 Rxe1+ 23. Rxe1 Re8 24. Rxe8+ Qxe8 25. Kd2 Qd7 26. Kc3 a5 27. f4 Ne8 28. Qd4 Ng7 29. Qf6 Ne8 30. Qd4 Ng7 31. Qf6 1/2-1/2

[Event "FB22 2324 Lübecker SV - SK Lehrte"]
[Site "?"]
[Date "2023.10.15"]
[Round "2.1"]
[White "Manusina, Nicole"]
[Black "Sickmann, Lisa"]
[Result "1/2-1/2"]
[WhiteElo "2045"]
[BlackElo "1864"]
[PlyCount "103"]
[EventDate "2023.??.??"]

1. d4 d5 2. c4 e6 3. Nc3 Be7 4. Nf3 Nf6 5. cxd5 exd5 6. Bg5 O-O 7. e3 Nbd7 8. Bd3 Re8 9. O-O c6 10. Qc2 Nf8 11. Rab1 a5 12. a3 Ng6 13. b4 axb4 14. axb4 Bd6 15. Rfc1 h6 16. Bxh6 gxh6 17. Bxg6 fxg6 18. Qxg6+ Kh8 19. Qxh6+ Nh7 20. b5 Bf5 21. bxc6 Bxb1 22. cxb7 Ra1 23. Rxb1 Rxb1+ 24. Nxb1 Qf6 25. Qh5 Rg8 26. Qxd5 Qg6 27. Nfd2 Nf6 28. Qf3 Ng4 29. h3 Nh6 30. e4 Nf7 31. e5 Bb8 32. h4 Qg4 33. g3 Qxd4 34. Qh5+ Kg7 35. e6 Nh6 36. Nf3 Qd1+ 37. Kg2 Qxb1 38. Qg5+ Qg6 39. Qe7+ Kh8 40. Ng5 Qg7 41. Qb4 Re8 42. Qb5 Rf8 43. f4 Ba7 44. Qb4 Re8 45. Qb5 Rb8 46. Kh3 Qxb7 47. Qe5+ Kg8 48. Ne4 Rf8 49. e7 Qc8+ 50. Kg2 Qc2+ 51. Kh3 Qc8+ 52. Kg2 1/2-1/2

[Event "FB22 2324 Lübecker SV - SK Lehrte"]
[Site "?"]
[Date "2023.10.15"]
[Round "2.2"]
[White "Kopylov, Luba"]
[Black "Wilmink, Anna"]
[Result "1-0"]
[WhiteElo "1997"]
[BlackElo "1794"]
[PlyCount "122"]
[EventDate "2023.??.??"]

1. d4 Nf6 2. c4 e6 3. Nc3 d5 4. cxd5 exd5 5. Bg5 Be7 6. Qc2 O-O 7. e3 Nbd7 8. Bd3 a6 9. Nf3 b6 10. Ne5 Bb7 11. Nxd7 Qxd7 12. Bxf6 Bxf6 13. Bxh7+ Kh8 14. Bf5 Qe7 15. O-O g6 16. Bh3 Kg7 17. Rac1 Qd6 18. Na4 Bd8 19. f4 Rh8 20. Rf3 Bc8 21. Bxc8 Rxc8 22. Qc6 Be7 23. Qxd6 Bxd6 24. Rc6 Rhd8 25. Rf1 Re8 26. Kf2 Bb4 27. Ke2 Red8 28. Rfc1 Bd6 29. Nxb6 Rb8 30. Na4 a5 31. b3 Rd7 32. Nc5 Re7 33. Na6 Rbe8 34. R1c3 Bxf4 35. Nxc7 Rxe3+ 36. Kf2 Re2+ 37. Kf3 Bxc7 38. Rxc7 Rxa2 39. Rd7 Ree2 40. Rxd5 Rxg2 41. Rd7 Rxh2 42. Ke4 Rhf2 43. d5 Rae2+ 44. Kd4 Rd2+ 45. Kc5 Rf5 46. Kc6 g5 47. d6 g4 48. Rc4 Rg2 49. Ra7 Kf6 50. Rd4 Rc2+ 51. Kb6 Ke5 52. d7 Kxd4 53. d8=Q+ Ke3 54. Re7+ Kf4 55. Qd4+ Kg5 56. Qg7+ Kf4 57. Qh6+ Kg3 58. Re1 Rg2 59. Qe3+ Rf3 60. Qe5+ Kf2 61. Rb1 f5 1-0

[Event "FB22 2324 Lübecker SV - SK Lehrte"]
[Site "?"]
[Date "2023.10.15"]
[Round "2.3"]
[White "Michalek, Barbara"]
[Black "Mundt, Alexandra"]
[Result "1-0"]
[WhiteElo "1892"]
[BlackElo "1796"]
[PlyCount "39"]
[EventDate "2023.??.??"]

1. d4 g6 2. c4 Bg7 3. Nc3 d6 4. Nf3 Nc6 5. e4 e5 6. Be3 f5 7. dxe5 Nxe5 8. Nxe5 Bxe5 9. Bd4 Bf6 10. Be2 Be6 11. Qd2 c5 12. Bxf6 Nxf6 13. exf5 Bxf5 14. O-O-O O-O 15. Bf3 Qa5 16. Rhe1 Rad8 17. Re7 Qa6 18. Bd5+ Kh8 19. Qh6 b5 20. Qg7# 1-0

[Event "FB22 2324 Lübecker SV - SK Lehrte"]
[Site "?"]
[Date "2023.10.15"]
[Round "2.4"]
[White "Malinowsky, Celina"]
[Black "Flauss, Jessica"]
[Result "1-0"]
[WhiteElo "1525"]
[BlackElo "1652"]
[PlyCount "69"]
[EventDate "2023.??.??"]

1. e4 e5 2. Nf3 Nc6 3. Bc4 Bc5 4. c3 Nf6 5. d3 d6 6. Nbd2 h6 7. Nf1 Bb6 8. Bb3 Qe7 9. Ng3 Bd7 10. O-O O-O-O 11. Nd2 g6 12. Nc4 Bc5 13. Be3 Bxe3 14. Nxe3 Rdf8 15. Nd5 Nxd5 16. Bxd5 f5 17. exf5 gxf5 18. Qf3 f4 19. Ne4 Qh4 20. g3 fxg3 21. Qxg3 Qe7 22. f4 exf4 23. Rxf4 Rh7 24. Kh1 Rg7 25. Qf3 Rd8 26. Rf1 Ne5 27. Qe3 b6 28. d4 Ng4 29. Qe2 Re8 30. Qa6+ Kd8 31. Qxa7 Qh4 32. R1f2 Nxf2+ 33. Rxf2 Rxe4 34. Qb8+ Ke7 35. Qf8# 1-0

[Event "FB22 2324 Lübecker SV - SK Lehrte"]
[Site "?"]
[Date "2023.10.15"]
[Round "2.5"]
[White "Dismer, Claudia"]
[Black "Boettcher, Elke"]
[Result "1/2-1/2"]
[WhiteElo "1491"]
[BlackElo "1708"]
[PlyCount "79"]
[EventDate "2023.??.??"]

1. e4 c5 2. b3 Nc6 3. Bb2 d6 4. Nf3 Nf6 5. Nc3 a6 6. h3 e6 7. Be2 Be7 8. O-O O-O 9. d4 cxd4 10. Nxd4 Nxd4 11. Qxd4 Nd7 12. Nd5 Bf6 13. Nxf6+ Qxf6 14. Qxf6 Nxf6 15. Bxf6 gxf6 16. Rad1 Rd8 17. Rd3 b5 18. Rfd1 Bb7 19. Bf3 Rac8 20. R1d2 Kf8 21. Re3 Ke7 22. Bd1 Rc7 23. g4 Rg8 24. f4 h6 25. f5 e5 26. Kf1 Rgc8 27. h4 Rg8 28. Be2 Rd8 29. c4 bxc4 30. Bxc4 Rg8 31. Rg2 Rc5 32. Ree2 d5 33. exd5 Bxd5 34. Bxd5 Rxd5 35. Rc2 Rd4 36. Rc7+ Rd7 37. Rxd7+ Kxd7 38. Ke2 Kd6 39. Kf3 Kc6 40. Ke4 1/2-1/2

[Event "FB22 2324 Lübecker SV - SK Lehrte"]
[Site "?"]
[Date "2023.10.15"]
[Round "2.6"]
[White "Malinowsky, Yvonne"]
[Black "Stelter, Finja"]
[Result "0-1"]
[WhiteElo "1168"]
[BlackElo "1265"]
[PlyCount "96"]
[EventDate "2023.??.??"]

1. e4 e6 2. d4 d5 3. exd5 exd5 4. Qf3 Be6 5. h3 a6 6. Bd3 Bd6 7. Be3 Nd7 8. Nc3 c6 9. O-O-O Ngf6 10. Nge2 c5 11. g4 c4 12. Bf5 g6 13. Bxe6 fxe6 14. h4 O-O 15. Bg5 Qc7 16. Bh6 Rf7 17. Rhg1 Ne4 18. Bf4 Bxf4+ 19. Nxf4 Rxf4 20. Qe3 Nxc3 21. bxc3 Re4 22. Qg5 Rf8 23. Rgf1 Qf4+ 24. Qxf4 Rexf4 25. h5 Rxg4 26. f3 Rgf4 27. hxg6 hxg6 28. Rg1 Kg7 29. Rd2 Rxf3 30. Rdg2 R8f6 31. Kb2 Nf8 32. a4 b5 33. a5 Re3 34. Rg3 Rxg3 35. Rxg3 Rf1 36. Re3 g5 37. Rg3 Kg6 38. Rh3 g4 39. Rh8 Kg7 40. Rh4 Rg1 41. Ka3 g3 42. Rg4+ Kf7 43. Rf4+ Ke7 44. Kb4 Nd7 45. Rg4 g2 46. Rg7+ Kd6 47. Rg8 Rb1+ 48. Ka3 g1=Q 0-1

[Event "FB22 2324 SV Medizin Erfurt - SV Hemer 1"]
[Site "?"]
[Date "2023.12.09"]
[Round "3.1"]
[White "Cosma, Elena-Luminita"]
[Black "Nguyen, Ha Thanh"]
[Result "1-0"]
[WhiteElo "2234"]
[BlackElo "1956"]
[PlyCount "71"]
[EventDate "2023.??.??"]

1. d4 Nf6 2. Nf3 e6 3. g3 d5 4. Bg2 Bd6 5. O-O O-O 6. c4 b6 7. cxd5 exd5 8. Nc3 c6 9. Ne5 Bb7 10. Bg5 Be7 11. Qa4 Ne4 12. Bf4 Nxc3 13. bxc3 Bf6 14. Rfd1 Qe7 15. c4 Bxe5 16. Bxe5 Nd7 17. Bf4 Nf6 18. Bg5 dxc4 19. Qxc4 h6 20. Bxf6 Qxf6 21. Rac1 Rfc8 22. e3 Qd6 23. Qa4 a5 24. Rc3 b5 25. Qc2 Rc7 26. Rc1 Rac8 27. Rc5 Qf6 28. d5 Rd8 29. dxc6 Ba6 30. h4 Rd6 31. Rd1 g6 32. h5 Kg7 33. hxg6 fxg6 34. Rxd6 Qxd6 35. Rd5 Qxc6 36. Qxc6 1-0

[Event "FB22 2324 SV Medizin Erfurt - SV Hemer 1"]
[Site "?"]
[Date "2023.12.09"]
[Round "3.2"]
[White "Reuter, Elisa"]
[Black "Kucharska, Honorata"]
[Result "1/2-1/2"]
[WhiteElo "1878"]
[BlackElo "2143"]
[PlyCount "86"]
[EventDate "2023.??.??"]

1. e4 e6 2. d4 d5 3. Nc3 Nf6 4. Bg5 Be7 5. e5 Nfd7 6. h4 h6 7. Bxe7 Qxe7 8. f4 a6 9. Nf3 c5 10. Qd2 Nc6 11. Ne2 cxd4 12. Nexd4 Nc5 13. Nxc6 bxc6 14. Bd3 Rb8 15. b3 Bd7 16. c3 a5 17. Bc2 Na6 18. Bd3 Nc7 19. Qe3 c5 20. O-O Bb5 21. Bxb5+ Rxb5 22. Rfd1 O-O 23. Qd2 Rbb8 24. c4 dxc4 25. bxc4 Rb4 26. Qd6 Re8 27. Rac1 Rbb8 28. Rd2 Na8 29. Rcd1 Nb6 30. Qxe7 Rxe7 31. Rb2 Ree8 32. Rdb1 Nd7 33. Rb5 a4 34. Nd2 f5 35. exf6 Rxb5 36. Rxb5 Nxf6 37. Rxc5 Rd8 38. Nf3 Rd1+ 39. Kh2 Ra1 40. Ra5 Rxa2 41. c5 Rc2 42. Rxa4 Rxc5 43. Ra2 Rc4 1/2-1/2

[Event "FB22 2324 SV Medizin Erfurt - SV Hemer 1"]
[Site "?"]
[Date "2023.12.09"]
[Round "3.3"]
[White "Trunz, Michelle"]
[Black "Pfau, Beate"]
[Result "0-1"]
[WhiteElo "2024"]
[BlackElo "1988"]
[PlyCount "70"]
[EventDate "2023.??.??"]

1. d4 Nf6 2. c4 g6 3. Nc3 Bg7 4. e4 d6 5. h3 Nbd7 6. Nf3 e5 7. d5 Nc5 8. Qc2 a5 9. Be3 O-O 10. a3 Qe7 11. g4 Bd7 12. b3 c6 13. dxc6 Bxc6 14. Bxc5 dxc5 15. Nd5 Nxd5 16. cxd5 Bd7 17. Rd1 Qd6 18. Nd2 a4 19. Nc4 Qc7 20. Rb1 axb3 21. Qxb3 b5 22. Nd2 c4 23. Qc3 Ra4 24. Rb4 Rfa8 25. Rxa4 Rxa4 26. Nb1 Bf8 27. Be2 b4 28. Qa1 c3 29. O-O c2 30. Nd2 Rxa3 31. Qe1 b3 32. Nc4 Bb5 33. Qc3 Bxc4 34. Bxc4 Ra4 35. Qxb3 Qxc4 0-1

[Event "FB22 2324 SV Medizin Erfurt - SV Hemer 1"]
[Site "?"]
[Date "2023.12.09"]
[Round "3.4"]
[White "Mueller-Ludwig, Kristin"]
[Black "Hess, Olena"]
[Result "1/2-1/2"]
[WhiteElo "2013"]
[BlackElo "2048"]
[PlyCount "65"]
[EventDate "2023.??.??"]

1. e4 d6 2. d4 Nf6 3. Nc3 e5 4. dxe5 dxe5 5. Qxd8+ Kxd8 6. Bg5 Be6 7. Nf3 Nbd7 8. Rd1 Kc8 9. a3 Bd6 10. Nd2 Nb6 11. Be2 Rd8 12. O-O c6 13. Be3 Kc7 14. h3 Nfd7 15. Nf3 f6 16. Ne1 Nc4 17. Bc1 Be7 18. Nd3 Nc5 19. Nxc5 Bxc5 20. Na4 Be7 21. Rxd8 Rxd8 22. Rd1 Rxd1+ 23. Bxd1 b5 24. Nc3 Bc5 25. Be2 Bd4 26. Nd1 g6 27. Bd3 f5 28. Kf1 fxe4 29. Bxe4 Nd6 30. Bd3 Bd5 31. Ne3 Be6 32. f3 a6 33. Ng4 1/2-1/2

[Event "FB22 2324 SV Medizin Erfurt - SV Hemer 1"]
[Site "?"]
[Date "2023.12.09"]
[Round "3.5"]
[White "Trunz, Elena"]
[Black "Troyke, Doreen"]
[Result "1-0"]
[WhiteElo "2140"]
[BlackElo "1976"]
[PlyCount "79"]
[EventDate "2023.??.??"]

1. e4 c5 2. Ne2 Nc6 3. Nbc3 e5 4. g3 Nf6 5. Bg2 d6 6. O-O Be7 7. h3 Rb8 8. f4 b5 9. d3 Nd4 10. g4 b4 11. Nb1 exf4 12. Bxf4 Ne6 13. Be3 O-O 14. Ng3 g6 15. Nd2 Bb7 16. c3 Ba6 17. Nf3 Nd7 18. Bh6 Ng7 19. c4 Ne5 20. b3 Bf6 21. Rc1 Nxf3+ 22. Rxf3 Bg5 23. Bxg5 Qxg5 24. Rc2 Bc8 25. Rcf2 h5 26. gxh5 Nxh5 27. Nxh5 Qxh5 28. Qd2 Qe5 29. Qh6 Qa1+ 30. Bf1 Qg7 31. Qh4 Rb7 32. Rf6 Be6 33. Qf4 Rd8 34. Qg5 Rdd7 35. h4 Qh7 36. Rg2 Kf8 37. Qxg6 Qxg6 38. Rgxg6 Ke7 39. Rh6 Rd8 40. Rxe6+ 1-0

[Event "FB22 2324 SV Medizin Erfurt - SV Hemer 1"]
[Site "?"]
[Date "2023.12.09"]
[Round "3.6"]
[White "Ulrich, Helena Irene"]
[Black "Dartmann Aubanell, Catriona"]
[Result "0-1"]
[WhiteElo "1779"]
[BlackElo "1856"]
[PlyCount "86"]
[EventDate "2023.??.??"]

1. e4 e6 2. d4 d5 3. Nd2 c5 4. exd5 Qxd5 5. Ngf3 cxd4 6. Bc4 Qd6 7. O-O Nf6 8. Nb3 Nc6 9. Nbxd4 Nxd4 10. Qxd4 Qxd4 11. Nxd4 a6 12. a4 Bd7 13. Re1 Rc8 14. Bd3 Be7 15. Bf4 O-O 16. c3 Nd5 17. Bg3 Rfd8 18. Bc2 Bc5 19. Nf3 a5 20. Rad1 Bc6 21. Ne5 Be8 22. Nf3 Bd6 23. Bxd6 Rxd6 24. Rd4 Rb6 25. Be4 Nf6 26. Re2 Nxe4 27. Rdxe4 Rd8 28. Rd4 Rxd4 29. Nxd4 Bxa4 30. Rd2 h6 31. Kf1 Rd6 32. Ke1 e5 33. Nf3 Rxd2 34. Kxd2 f6 35. Ke3 Bc6 36. Ne1 Kf7 37. g3 Ke6 38. Nc2 Kd5 39. Na3 Kc5 40. Kd2 b5 41. Ke3 f5 42. Kd2 Be4 43. Ke3 b4 0-1

[Event "FB22 2324 Lübecker SV - Hamburger SK II"]
[Site "?"]
[Date "2023.12.10"]
[Round "3.1"]
[White "Lampert, Alina"]
[Black "Sickmann, Lisa"]
[Result "0-1"]
[WhiteElo "2079"]
[BlackElo "1883"]
[PlyCount "86"]
[EventDate "2023.??.??"]

1. e4 e5 2. Nf3 Nc6 3. Bc4 Bc5 4. c3 Nf6 5. d3 a6 6. Bb3 d6 7. Nbd2 O-O 8. O-O Ba7 9. h3 h6 10. Re1 Re8 11. Nf1 Be6 12. Ng3 d5 13. Qe2 Qd7 14. Bc2 Rad8 15. Be3 d4 16. Bc1 Kh7 17. Rd1 Qd6 18. Nh4 Ne7 19. c4 b5 20. cxb5 axb5 21. f4 c5 22. f5 Bc8 23. Bb3 c4 24. Bc2 Nc6 25. Kh1 Ba6 26. a4 bxa4 27. dxc4 d3 28. Rxd3 Nd4 29. Qd1 Bxc4 30. Bxa4 Bxd3 31. Bxe8 Bc2 32. Qe1 Qc5 33. Bxf7 Nf3 34. Be3 Nxe1 35. Bxc5 Bxc5 36. Kh2 Bf2 37. Ng6 Nxe4 38. Nxe4 Bxe4 39. Nxe5 Bxf5 40. Bh5 Be4 41. Ra4 Rd4 42. Rxd4 Bxd4 43. Nc4 Bxg2 0-1

[Event "FB22 2324 Lübecker SV - Hamburger SK II"]
[Site "?"]
[Date "2023.12.10"]
[Round "3.2"]
[White "Kopylov, Luba"]
[Black "Rogozenco, Ileana"]
[Result "1/2-1/2"]
[WhiteElo "1996"]
[BlackElo "2067"]
[PlyCount "28"]
[EventDate "2023.??.??"]

1. d4 d5 2. c4 c6 3. cxd5 cxd5 4. Nf3 Nf6 5. Nc3 a6 6. Bf4 Nc6 7. e3 Bg4 8. Rc1 e6 9. Qb3 Bxf3 10. gxf3 Na5 11. Qa4+ Nc6 12. Qb3 Na5 13. Qa4+ Nc6 14. Qb3 Na5 1/2-1/2

[Event "FB22 2324 Lübecker SV - Hamburger SK II"]
[Site "?"]
[Date "2023.12.10"]
[Round "3.3"]
[White "Hubert, Charlotte"]
[Black "Mundt, Alexandra"]
[Result "1-0"]
[WhiteElo "1809"]
[BlackElo "1795"]
[PlyCount "63"]
[EventDate "2023.??.??"]

1. e4 g6 2. d4 Bg7 3. Nf3 d6 4. Nc3 Nd7 5. Bc4 c5 6. Be3 cxd4 7. Bxd4 Ngf6 8. Qd2 O-O 9. h3 Qc7 10. Be2 Nc5 11. Qe3 b6 12. e5 Ne8 13. Nd5 Qb7 14. exd6 e6 15. Ne7+ Kh8 16. Qh6 Ne4 17. Bxg7+ Nxg7 18. O-O-O Qd7 19. Rd4 Nf6 20. Ne5 Qe8 21. Bf3 Rb8 22. g4 Bb7 23. Qf4 Bxf3 24. Qxf3 Ng8 25. N7c6 Qc8 26. Nxb8 Qxb8 27. Nxf7+ Rxf7 28. Qxf7 Qa8 29. Rhd1 e5 30. Rd5 Nh6 31. Qf6 Ng8 32. Qxe5 1-0